Surveying and Mapping (Record no. 118846)

MARC details
000 -LEADER
fixed length control field 00646cas a22002055a 4500
001 - CONTROL NUMBER
control field L131023
008 - FIXED-LENGTH DATA ELEMENTS--GENERAL INFORMATION
fixed length control field 050921d19411989xxuqr p 0 a0eng u
022 1# - INTERNATIONAL STANDARD SERIAL NUMBER
International Standard Serial Number 0039-6273
035 ## - SYSTEM CONTROL NUMBER
System control number (Sirsi) u131023
041 0# - LANGUAGE CODE
Language code of text/sound track or separate title eng
110 2# - MAIN ENTRY--CORPORATE NAME
Corporate name or jurisdiction name as entry element American Congress on Surveying and Mapping
9 (RLIN) 58
245 00 - TITLE STATEMENT
Title Surveying and Mapping
260 ## - PUBLICATION, DISTRIBUTION, ETC.
Place of publication, distribution, etc. Washington D.C.
Name of publisher, distributor, etc. ACSM
Date of publication, distribution, etc. 1941-1989
362 ## - DATES OF PUBLICATION AND/OR SEQUENTIAL DESIGNATION
Dates of publication and/or sequential designation 6(1) January/March 1946-49(3) September 1989
554 ## -
-- Four per year
651 #4 - SUBJECT ADDED ENTRY--GEOGRAPHIC NAME
Geographic name United States
Chronological subdivision 1959-
690 ## - LOCAL SUBJECT ADDED ENTRY--TOPICAL TERM (OCLC, RLIN)
Topical term or geographic name as entry element ENVIRONMENTAL AND LAND CONSULTANCY-GEOMATICS-LAND SURVEYING
785 00 - SUCCEEDING ENTRY
Title Surveying and Land Information Systems
International Standard Serial Number 0039-6273
942 ## - ADDED ENTRY ELEMENTS (KOHA)
Suppress in OPAC 0
Holdings
Withdrawn status Lost status Source of classification or shelving scheme Damaged status Not for loan Home library Current library Shelving location Date acquired Total Checkouts Full call number Barcode Date last seen Price effective from Koha item type
    Dewey Decimal Classification     London London Basement 21/09/2005   SURVEYING AND LAND INFORMATION SYSTEMS 131023-1001 06/08/2019 06/08/2019 Journal